00977nam a2200217 a 450000100100000000500170001000800410002704000250006808200190009310000310011224501190014326000500026230000280031250000680034050400330040870000380044170000270047995201160050695201220062299900150074400000644520200929153931.0900928s1989 bo a b 000 0dspa  aDO-SdBNPbspacBNPHU axxxxxxbxxxxxx1 aCrespo R., Alberto.91789513aLa Ciudad de La Paz :bsu historia - su cultura /cAlberto Crespo Rodas, Mariano Baptista Gumucio, José de Mesa. aLa Paz, Bolivia :bAlcaldia Municipal,c1989. a638 p. :bil. ;c22 cm. aIncluye datos biográficos de los autores en la contracubierta aBibliografía : p. 635-636.1 aBaptista Gumucio, Mariano.9178961 aMesa, José de917897 001050718MOaGRbGRcHDd2009-08-28iLF1l0oxxxxxx xxxxxxp6445-10r2020-06-25w2020-06-25y1ZNo se presta 001150718MOaGRbGRcMId2017-06-06iLF1l0oxxxxxx xxxxxxp6445-20r2020-06-25te. 2w2020-06-25y1ZNo se presta c6240d6240